Matrículas Provinciales de España - Estadísticas

Estadísticas generales
  • Esta prueba ha sido intentada 114 veces
  • La puntuación promedio es 50 de 52
Estadísticas de respuestas
Provincia Código Provincial de Matrículas % Correcto
Alicante/Alacant A
100%
Almería AL
100%
Ávila AV
100%
Barcelona B
100%
La Coruña/ A Coruña C
100%
Cuenca CU
100%
Madrid M
100%
Málaga MA
100%
Murcia MU
100%
Navarra NA
100%
Valencia V
100%
Badajoz BA
99%
Burgos BU
99%
Cádiz CA
99%
Ceuta CE
99%
Huelva H
99%
Lérida/Lleida L
99%
Lugo LU
99%
Asturias (Oviedo) O
99%
Cantabria (Santander) S
99%
Salamanca SA
99%
Sevilla SE
99%
Soria SO
99%
Tarragona T
99%
Teruel TE
99%
Zaragoza Z
99%
Albacete AB
98%
Córdoba CO
98%
Gerona/Girona GI
98%
Granada GR
98%
Guadalajara GU
98%
Jaén J
98%
León LE
98%
Melilla ML
98%
Palencia P
98%
Pontevedra PO
98%
Toledo TO
98%
Valladolid VA
98%
Zamora ZA
98%
Caceres CC
97%
Ciudad Real CR
97%
La Rioja (Logroño) LO
97%
Orense OR
97%
Huesca HU
95%
Vizcaya / Bizkaia BI
94%
Castellón/ Castelló CS
92%
Las Palmas de Gran Canaria GC
92%
Islas Baleares/Illes Balears IB
92%
Segovia SG
92%
Álava/Araba VI
87%
Guipúzcoa/Gipuzkoa SS
70%
Santa Cruz de Tenerife TF
67%
No se encontraron pruebas coincidentes
Distribución de puntuación
Porcentaje de gente con cada puntuación
Porcentaje por número respondido
Historial de tus puntuaciones
No has intentado esta prueba.